00567 2200193 4500001002100000005001500021035002000036008004100056020001800097041000800115082001100123084001500134100003700149245006500186260004900251300002500300990002400325990002400349INLIS00000000000039020221104113625 a0010-0520000390221104 | | eng  a9795548892125 aeng a345.02 a345.02 PRE0 aPrevention of Terrorism Act,200214aPrevention of Terrorism Act,2002 /cUniversal Law Publishing aNew Delhi :bUniversal Law Publishing,c2002 avi,30 P;21cm ;c21cm a01067/MKRI-P/I-2005 a01067/MKRI-P/I-2005